Responses for show #3913 - Wednesday, September 12, 2001

Contestants

Bethany Paye, a graduate student from Scarborough, Maine

Jeff Combe, a high school teacher from Temple City, California

Kevin Laude, a telecommunications consultant from Mission Viejo, California (whose 1-day cash winnings total $8,100)

Jeopardy! Round responses

AFRICAN-AMERICAN HISTORY
MOVIE SONGS
(Alex: We want you to name the film in which each song was introduced.)
BOOK REVIEWS
SYMBOLISM
DICK & JANE & SPOT HODGEPODGE
POT - "POR" - RI
    $100 26
Denver

Bethany
    $100 1
(Jeff: What is The Producer?)
(Alex: Yes--no!)
(Bethany: What are [*]?)
(Alex: [*]. Plural. Yes.)
[Jeff was eventually given credit for his response, as the judges ruled that he did in fact add an "S" on the end.]

The Producers

JeffBethany
    $100 16
E. L. Doctorow

Jeff
    $100 6
donkey

Bethany
    $100 21
the Army

Bethany
    $100 11
porridge

Bethany
    $200 27
Rosa Parks

Kevin
    $200 2
The Wizard of Oz

Kevin
    $200 17
The Firm

Bethany
    $200 7
Spring

Bethany
    $200 22
Frasier

Bethany
    $200 12
porcupines

Bethany
    $300 28
Washington, D.C.

Kevin
    $500 3
The Little Shop of Horrors

Kevin
    $300 18
The Jungle

Bethany
    $300 8
the caged bird

Bethany
    $300 23
bungee jumping

Bethany
    $300 13
por favor

Jeff
    $400 29
stand-in

Kevin
    $400 4
The Spy Who Loved Me

Kevin
    $400 19
The Great Gatsby

Jeff
    $400 9
(Bethany: What are doppelgangers?)

shadows

JeffBethany
    $400 24
the Westminster Dog Show

Bethany
    $400 14
Cole Porter

Jeff
    $500 5
(Jeff: What is... oh my gosh, my kids are gonna kill me!)

Meet Me In St. Louis

Jeff
Triple Stumper
    $500 20
(Bethany: Who is Bronte?)
(Alex: Which one?)
(Bethany: Charlotte?)
(Alex: No.)

Emily Bronte

KevinBethany
    $500 10
Chastity

Kevin
    $500 25
Jane Goodall

Kevin
    $500 15
Port-au-Prince

Bethany

Scores at the first commercial break (after clue 15):

Kevin Jeff Bethany
$1,600 $700 $1,100

Scores at the end of the Jeopardy! Round:

Kevin Jeff Bethany
$3,500 $1,200 $2,200

Double Jeopardy! Round responses

GO TO HELSINKI!
STATUE-ESQUE
ENTERTAINMENT NEWS
MIND YOUR BUSINESS
ELEMENT & STATE
BEFORE & AFTER
    $200 22
(Kevin: What is, uh, Finland?)
...
(Alex: Yes. Vasa, yes.)

Sweden

KevinJeff
    $200 11
the Statue of Liberty

Jeff
    $200 1
Sean Combs

Kevin
    $200 16
Campbell's

Kevin
    $200 21
aluminum & Alabama

Kevin
    $200 6
(Kevin: Who is Buddy Holly?)

Buddy Holly Hunter

KevinBethany
    $400 27
a bicycle

Triple Stumper
    $400 12
Lenin

Jeff
    $400 2
Tom Cruise and Nicole Kidman

Bethany
    $400 17
Gillette

Bethany
    $400 23
Neon & Nebraska

Kevin
    $400 7
(Bethany: What is After the Music... Bef--... After the Music Man?)
...
(Alex: Bethany, you were on the right track, it's [*].

Behind the Music Man

Bethany
Triple Stumper
    $600 28
1952

Jeff
    $600 13
Atlas

Bethany
    $600 3
Shania Twain

Bethany
    $500 18
tacos

Bethany
    $600 24
Argon & Arkansas

Jeff
    $600 8
Kool And The Gang Of Four

Triple Stumper
    $500 29
(Jeff: What is Air Finland?)

Finnair

Jeff
    $800 14
(Jeff: What is Saudi Arabia?)
(Kevin: What is Egypt?)
(Bethany: What is Italy?)
(Alex: The correct response? [*]. Remember the news when the Taliban were destroying the Buddha statues? That's one of them.)

Afghanistan

KevinJeffBethany
Triple Stumper
    $800 4
Russell Crowe

Kevin
    $800 19
cheese

Jeff
    $800 25
Manganese & Minnesota

Bethany
    $800 9
Private Benjamin Disraeli

Jeff
    $1000 30
Jean Sibelius

Jeff
    $1000 15
Constantine

Kevin
    $1000 5
Mr. T

Bethany
    $1000 20
Del Monte

Jeff
    $1000 26
(Bethany: What is iodine & Indiana?)
...
(Alex: What are [*]? Iodine, I believe, is I.)

indium & Indiana

Bethany
Triple Stumper
    $1000 10
(Kevin: Who is Dizzy Dean Rusk?)
...
(Alex: Kevin on the right track, but the wrong era. [*]. Dean Rusk came much later.)

Dizzy Dean Acheson

Kevin
Triple Stumper

Scores at the end of the Double Jeopardy! Round:

Kevin Jeff Bethany
$4,100 $5,500 $4,500

[wagering suggestions for these scores]

Final Jeopardy! Round responses

ORGANIZATIONS
(Alex: [To Bethany] You made a wise decision in crossing that one out.)
...
(Alex: And he changed also from paramedics to... anhalabala.)
(Jeff: I won't translate.)
KevinWhat is poison control
$4,000
BethanyWhat is the medic alert poison control center
$3,500
JeffWhat is [illegible] the paramedics
$3,501
MedicAlert

Final scores:

Kevin Jeff Bethany
$100 $1,999 $8,000
3rd place: Borders Gift Card 2nd place: Trip to LaCosta Resort/Spa New champion: $8,000

Game dynamics:

Coryat scores:

Kevin Jeff Bethany
$3,900 $6,000 $4,600
15 R
(including 1 DD),
4 W
15 R,
3 W
(including 1 DD)
22 R
(including 1 DD),
5 W

Combined Coryat: $14,500

The J! Archive is created by fans, for fans. The Jeopardy! game show and all elements thereof, including but not limited to copyright and trademark thereto, are the property of Jeopardy Productions, Inc. and are protected under law. This website is not affiliated with, sponsored by, or operated by Jeopardy Productions, Inc. Join the discussion at JBoard.tv.